| 000 | 00629cam a2200229 4500 | ||
|---|---|---|---|
| 001 | B1991 | ||
| 008 | 090401t1988 xxu||||| |||| 00| 0 eng d | ||
| 035 | _a(Sirsi) u47532 | ||
| 041 | _aeng | ||
| 050 | _a690.07 | ||
| 100 | _aGriffith, A. | ||
| 245 | _aEducational provision for the building industry`s future managers | ||
| 260 |
_aAscot,Berks _bChartered Institute of Building _c1988 |
||
| 300 | _a10p. ; 30cm. | ||
| 350 | _a0 | ||
| 490 |
_aTechnical Information Service _v96 |
||
| 650 | _aBUILDING INDUSTRY | ||
| 650 | _aCAREERS, EDUCATION AND TRAINING | ||
| 650 | _aMANAGEMENT | ||
| 942 | _n0 | ||
| 948 | _c04/03/1997 | ||
| 999 |
_c92146 _d92146 |
||